| 000 | 00634nam a2200205 a 4500 | ||
|---|---|---|---|
| 005 | 20240420064022.0 | ||
| 008 | 070316s2005 mx r 000 0 spa d | ||
| 020 | _a8420544248 | ||
| 035 | _aUPN01000149844 | ||
| 049 | _aCG | ||
| 050 | 4 |
_aLB2838 _bS4.3 |
|
| 100 | 1 |
_aSevillano García, María Luisa _930009 |
|
| 245 | 1 | 0 |
_aEstrategias innovadoras para una enseñanza de calidad / _cMaría Luisa Sevillano García. |
| 260 |
_aMadrid : _bPearson Prentice-Hall, _c2005. |
||
| 300 |
_a178 p. : _bil. |
||
| 650 | 4 |
_aCalidad de la educación _94684 |
|
| 650 | 7 |
_aEstrategias educativas _2 _91510 |
|
| 905 | _aLibro | ||
| 999 |
_c121985 _d121985 |
||